Zprávy Národní banky československé

Na minha lista:
Detalhes bibliográficos
Formato: Periódico
Idioma:tcheco
Publicado em: Praha Národní banka československá 1932
Tags: Adicionar Tag
Sem tags, seja o primeiro a adicionar uma tag!

MARC

LEADER 00000nas2a2200000$$$4500
001 0017701
005 20250730114357.4
041 0 |a cze 
044 |a CZ 
245 1 0 |a Zprávy Národní banky československé 
264 1 |a Praha  |b Národní banka československá  |c 1932 
300 |a 1 zv. 
773 0 |w eu_un_cat*0017695